Basic econometrics / (Record no. 1050)
[ view plain ]
| 000 -LEADER | |
|---|---|
| fixed length control field | 01292nac a22002531u 4500 |
| 010 ## - LIBRARY OF CONGRESS CONTROL NUMBER | |
| LC control number | 2001099577 |
| 020 ## - INTERNATIONAL STANDARD BOOK NUMBER | |
| International Standard Book Number | 0071230173 |
| 020 ## - INTERNATIONAL STANDARD BOOK NUMBER | |
| International Standard Book Number | 0071230173 |
| 035 ## - SYSTEM CONTROL NUMBER | |
| System control number | (DLC) 2001099577 |
| 082 00 - DEWEY DECIMAL CLASSIFICATION NUMBER | |
| Classification number | 330.015195 |
| Item number | G969 |
| 090 ## - LOCALLY ASSIGNED LC-TYPE CALL NUMBER (OCLC); LOCAL CALL NUMBER (OCLC) | |
| -- | 1050 |
| -- | 1050 |
| 100 ## - MAIN ENTRY--PERSONAL NAME | |
| Personal name | Gujarati, Damodar N. |
| 245 10 - TITLE STATEMENT | |
| Title | Basic econometrics / |
| Statement of responsibility, etc | Damodar N. Gujarati. |
| 250 ## - EDITION STATEMENT | |
| Edition statement | 4th ed. |
| 260 ## - PUBLICATION, DISTRIBUTION, ETC. (IMPRINT) | |
| Place of publication, distribution, etc | Boston : |
| Name of publisher, distributor, etc | McGraw Hill, |
| Date of publication, distribution, etc | c2003. |
| 300 ## - PHYSICAL DESCRIPTION | |
| Extent | xxix, 1002 p. : |
| Other physical details | ill. ; |
| Dimensions | 24 cm. + |
| Accompanying material | 1 computer optical disc (4 3/4 in.) |
| 504 ## - BIBLIOGRAPHY, ETC. NOTE | |
| Bibliography, etc | Includes bibliographical references (p. 979-982) and indexes. |
| 650 #0 - SUBJECT ADDED ENTRY--TOPICAL TERM | |
| Topical term or geographic name as entry element | Econometrics. |
| 942 ## - ADDED ENTRY ELEMENTS (KOHA) | |
| Item type | Book - Borrowing |
| Call number prefix | 330.015195G969 |
| Withdrawn status | Item status | Source of classification or shelving scheme | Damaged status | Not for loan | Vendor | Home library | Current library | Shelving location | Date acquired | Source of acquisition | Cost, normal purchase price | Total Checkouts | Total Renewals | Full call number | Barcode | Date last seen | Date last borrowed | Cost, replacement price | Koha item type |
|---|---|---|---|---|---|---|---|---|---|---|---|---|---|---|---|---|---|---|---|
| Dewey Decimal Classification | Central Library | Central Library | First floor | 17/08/2006 | 180.00 | 10 | 54 | 330.015195 GUJ | 000003448 | 15/07/2025 | 09/12/2020 | 225.00 | Book - Borrowing | ||||||
| Central Library | Central Library | First floor | 07/09/2011 | Purchase | 10 | 31 | 330.015195 GUJ | 000005727 | 15/07/2025 | 18/11/2014 | Book - Borrowing | ||||||||
| Dewey Decimal Classification | Central Library | Central Library | First floor | 06/07/2011 | 9 | 53 | 330.015195 GUJ | 000010856 | 15/07/2025 | 07/02/2024 | Book - Borrowing |